000 00365pab a2200157 454500
008 180718b2005 xxu||||| |||| 00| 0 eng d
100 _aSubrahmanyam, K.
245 _aThe war that changed the world
260 _c2005
300 _ap.11-12.
362 _a21 May
650 _aInternational relations
650 _aWar
773 _aMainstream
909 _a65354
999 _c65354
_d65354